| 000 | 00407nam a2200181Ia 4500 | ||
|---|---|---|---|
| 001 | 3516 | ||
| 005 | 20260306145649.0 | ||
| 008 | 260306t2006||||xx |||||||||||||| ||spa|| | ||
| 041 | _aESP | ||
| 082 |
_a282.85 _bR75 |
||
| 100 |
_aRojas Ingunza, Ernesto _eAUT |
||
| 245 | 0 |
_aEl báculo y la espada: _bNULL |
|
| 260 | _c2006 | ||
| 300 |
_a _c |
||
| 650 | _aGEN | ||
| 654 | _aCHU | ||
| 942 |
_cLIB _dJUS _fJUS _2ddc _n |
||
| 999 |
_c3516 _d3516 |
||